000 00765cam a22002054a 4500
005 20250605164120.0
008 250528s ||||||||||||||||||||||||d
035 _a18250
020 _a697201740
040 _aGR-AtMCL
_bgre
_dGR-AtMCL
_eAACR2
245 1 _aFundamentals of Cognitive Psychology
260 _bMcgraw Hill College,
_c1999
300 _a376
520 _aIntroduction to Cognitive Psychology, Perceptual Processes, Attention, Short-Term and Working Memory, Encoding in Long-Term Memory, Retrieval Processes, The Structure and Function of Knowledge, Language, Reasoning and Problem Solving, Cognition and Emotion and Memory.
700 1 _aEllis Henry C
_94532
700 1 _aHunt R. Reed
_94533
942 _cBK
999 _c3623
_d3623